Statystyki dla Największe miasta w województwie pomorskim A-Z

Kliknij tutaj aby rozwiązać quiz!

Ogólne statystyki

  • Ten quiz został rozwiązany 4 227 razy
  • Średni wynik to 10 z 18

Statystyki odpowiedzi

#MiastoPopulacja% Poprawnych
GGdańsk486 022
99%
SSłupsk87 660
73%
HHel2 975
68%
WWejherowo47 357
68%
MMalbork37 635
66%
TTczew57 990
65%
ŁŁeba3 228
58%
RRumia51 879
58%
UUstka14 321
58%
CChojnice39 275
57%
LLębork34 500
57%
BBytów16 739
51%
JJastarnia2 665
48%
KKwidzyn37 768
44%
PPruszcz Gdański31 582
44%
NNowy Dwór Gdański9 618
38%
ŻŻukowo6 652
33%
DDzierzgoń5 129
15%

Rozkład punktacji

Percentyl według liczby udzielonych odpowiedzi

Procent ludzi z każdym wynikiem

Twoja historia wyników

Nie rozwiązałeś tego quizu